000 00432nam a2200157Ia 4500
008 210210b2005 xxu||||| |||| 00| 0 eng d
020 _a81 7014 905 3
082 _a541.3 SONT
100 _aSONI (P L) and others.
245 _aTextbook of physical chemistry: incorporating si units. Ed.22.
250 _a
260 _aN D
_bSultan Chand & Sons
_c2005
300 _axxii,1778
690 _aPhysical Chemistry
906 _a060704
999 _c107774
_d107774